| 000 | 00861cam a2200181 a 4500 | ||
|---|---|---|---|
| 005 | 20251224150156.0 | ||
| 020 | _a0821332457 | ||
| 082 | 0 | 0 |
_a307.76 SER.N5 _220 |
| 245 | 1 | 4 |
_aThe human face of the urban environment : _ba report to the development community on the second annual Conference on Environmentally Sustainable Development sponsored by the World Bank and held at the National Academy of Sciences and the World Bank, Washington, D.C., September 19-23, 1994 / _cIsmail Serageldin and Michael A. Cohen, editors ; Alison Cave, editorial consultant. |
| 260 |
_aWashington, D.C. : _bWorld Bank, _c1995. |
||
| 300 | _a 55 p. | ||
| 650 | 0 |
_aCity planning _96864 |
|
| 650 | 0 |
_aSustainable development _91105 |
|
| 650 | 0 |
_aCommunity development, Urban _96865 |
|
| 700 | 1 |
_aSerageldin, Ismail, _96866 |
|
| 700 | 1 |
_aCohen, Michael A., _96867 |
|
| 942 |
_2ddc _cUN&WB |
||
| 999 |
_c754532 _d754532 |
||